000 00501nam a2200181Ia 4500
005 20250326130058.0
008 250326s9999 xx 000 0 und d
037 _aTextbook
040 _aFMSL
_beng
_cFMSL
041 _aeng
_2eng
084 _aB28.44 L0
_qFMSL
100 _aOxford And Ibh
_9740077
245 0 _aIndia: statistical outline
_cOxford And Ibh
260 _aDelhi
_bDelhi, Oxford And IBH
_c1970
300 _a169p
942 _cTB
_hB28.44 L0
999 _c1280820
_d1280820